000
00349nam a22001217a 4500
040
_c
HS
082
_a
330
100
_a
អ៊ុន ប៊ុនលាង
245
_a
គណិតវិទ្យាសេដ្ឋកិច្ច Mathematical economics
260
_a
RUA
_b
អ៊ុន ប៊ុនលាង
_c
2012
300
_a
109p;
942
_c
KB
999
_c
9117
_d
9117